01167 2200361 4500001002100000005001500021035002000036007000300056008004100059020002200100082001400122084001600136100003100152245015500183250003100338300003700369650001800406700002500424700003400449700003300483700003100516700003000547264003300577336002100610337003000631338002300661040002200684090001900706440002800725850001200753990002000765990002000785INLIS00000000087272920220907110346 a0010-0922000257ta220907s2022 jbia b 1 ind d a978-623-254-080-404223a741.5 a741.5 MUT s0 aMutiara Sya'banePengarang10aSahabat beda sifat /cpenulis, Mutiara Sya'ban ; ilustrator, Merocake, Agus Willy Kristy ; penyunting, Dita Nur Amalina, Vicky Larasita, Kulniya Sally aCetakan Kedua : April 2022 a84 halaman :bilustrasi ;c21 cm 4aKomik, Bacaan0 aMerocakeeIlustrator0 aAgus Willy KristyeIlustrator0 aDita Nur AmalinaePenyunting0 aVicky LarasitaePenyunting0 aKulniya SallyePenyunting31aBandung :bDAR! Mizan,c2021 2rdacontentateks 2rdamediaatanpa perantara 2rdacarrieravolume aYOPDYOGbinderda aPK 741.5 MUT s aKecil-kecil punya karya aYOPDYOG a46029-PD/B.2022 a46030-PD/B.2022